Dinosaurios
Сохранить в:
| Главные авторы: | , , |
|---|---|
| Формат: | |
| Язык: | испанский |
| Опубликовано: |
Londres
Usborne
2011
|
| Серии: | Veo y Aprendo
|
| Предметы: | |
| Метки: |
Добавить метку
Нет меток, Требуется 1-ая метка записи!
|
MARC
| LEADER | 00000cam a2200000 a 4500 | ||
|---|---|---|---|
| 001 | UCF4848 | ||
| 003 | CL-VaPUC | ||
| 005 | 20250318121401.0 | ||
| 008 | 130103e20110000UK |||||||||||||||||spa|d | ||
| 999 | |c 350538 |d 350536 | ||
| 020 | |a 9780409544371 | ||
| 040 | |c Pontificia Universidad Católica de Valparaíso | ||
| 082 | 0 | 4 | |a 371.335 |b TAP |2 21 |
| 100 | 0 | |a Taplin, Sam |e author |9 566510 | |
| 245 | 1 | 0 | |a Dinosaurios |
| 260 | |a Londres |b Usborne |c 2011 | ||
| 300 | |a pág. irreg | ||
| 490 | 0 | |a Veo y Aprendo | |
| 583 | |a last modification |c 20130103 11:06:00 |k Rodrigo Vera | ||
| 650 | 0 | |a Literatura infantil |9 389584 |x Dinosaurios |x Cuentos | |
| 700 | 0 | |a Van Wyk, Hanri |e author |9 566511 | |
| 700 | 0 | |a Maynard, Marc |e author |9 566512 | |
| 942 | |c BK |2 ddc | ||
| 945 | |d 20130103 00:00:00 |a dcastane | ||
| 952 | |0 0 |1 0 |4 0 |6 371_335000000000000_TAP_2011 |7 0 |8 A |9 453963 |a BIBEDU |b BIBEDU |d 2019-11-22 |i 4937562 |l 3 |m 5 |o 371.335 TAP 2011 |p 4937562 |r 2024-03-14 |s 2023-11-11 |w 2019-11-22 |y BK |k EPE | ||